000 00571nam a2200181Ia 4500
005 20250508163338.0
008 008 250505s9999 xx 000 0 eng d
037 _aDissertations
040 _aFEDL
_beng
_cFEDL
041 _aeng
_2eng
084 _a370.19, TEA/DI
_qFEDL
245 0 _aTeachers' attitude towards rural and urban children and its relationship with their school achievement
260 _c1972
300 _a114p.
546 _aM. Ed. Dissertation (Jamia Millia Islamia)
942 _cDIS
_h370.19, TEA/DI
999 _c1382461
_d1382461